书目信息 |
| 题名: |
表面化学
|
|
| 作者: | 李外郎等 , 顾惕人 , 马季铭 编著 | |
| 分册: | ||
| 出版信息: | 北京 科学出版社 1994 |
|
| 页数: | 406 | |
| 开本: | 20cm | |
| 丛书名: | ||
| 单 册: | ||
| 中图分类: | O647.11 | |
| 科图分类: | ||
| 主题词: | 量子化学 , 物理化学 | |
| 电子资源: | ||
| ISBN: | 7-03-002632-2 | |
| 000 | 00655nam0 2200217 450 | |
| 001 | 0754114953 | |
| 005 | 20070929150154.95 | |
| 010 | @a7-03-002632-2 | |
| 100 | @a20070929d km y0chiy0120 ea | |
| 101 | 0 | @achi |
| 200 | 1 | @a表面化学@Abiao mian hua xue@f顾惕人,马季铭,李外郎等 编著@Fgu ti ren,ma ji ming,li wai lang deng bian zhu |
| 210 | @a北京@c科学出版社@d1994 | |
| 215 | @a406@c插图@d20cm | |
| 606 | 0 | @a量子化学 |
| 606 | 0 | @a物理化学 |
| 690 | @aO647.11@v3 | |
| 701 | 0 | @a李外郎等@Ali wai lang deng@4编著 |
| 701 | 0 | @a顾惕人@Agu ti ren@4编著 |
| 701 | 0 | @a马季铭@Ama ji ming@4编著 |
| 801 | 0 | @aCN@bPFT@c20070929 |
| 905 | @a213230@dO647.11@eh31@f1 | |
| 表面化学/顾惕人,马季铭,李外郎等 编著.-北京:科学出版社,1994 |
| 406:插图;20cm |
| ISBN 7-03-002632-2: |
| ● |
| 相关链接 |
|
|
|
|
正题名:表面化学
索取号:O647.11/h31
 
预约/预借
| 序号 | 登录号 | 条形码 | 馆藏地/架位号 | 状态 | 备注 |
| 1 | 6000480 | 260004809 | 密集书库-化学系/ [索取号:O647.11/h31] | 在馆 |